| 000 | 00688nam a22002177a 4500 | ||
|---|---|---|---|
| 005 | 20230207082852.0 | ||
| 008 | 230207b |||||||| |||| 00| 0 eng d | ||
| 020 | _a978-1-260-08510-5 | ||
| 082 | _a578.77 C355 2019 | ||
| 100 |
_aCastro, Peter _eauthor |
||
| 245 |
_aMarine biology / _cPeter Castro, Michael E. Huber; original artwork William C. Ober, Claire E. Ober |
||
| 250 | _a11th ed. | ||
| 260 |
_aNew York: _bMcGraw-Hill Education, _cc2019 |
||
| 300 |
_axiv, 476p.: _bill. (some col.) |
||
| 504 | _aIncludes index | ||
| 541 | _e6152 | ||
| 650 | _aMarine biology | ||
| 700 |
_aHuber, Michael E. _eauthor |
||
| 700 |
_aOber, William C. _eartist |
||
| 700 |
_aOber, Claire E. _eartist |
||
| 999 |
_c946 _d946 |
||